000 00544 a2200193 4500
001 61674
005 20260407155907.0
008 260407a1974 arg spa d
003 AR-UNSa-BCEJYS
040 _aAR-UNSa-BCEJYS
_bspa
_cAR-UNSa-BCEJYS
080 _a347.7
_xDerecho Mercantil. Derecho Comercial
245 1 0 _aCuestiones de derecho comercial moderno
264 1 _aBuenos Aires :
_bAstrea
_c1974
300 _a364 p.
_c23 cm.
041 _aspa
942 _cBK
590 _aniveau_biblio:m niveau_hierar:0
100 1 _aLe Pera, Alfredo
999 _c7354
_d7354